Confronting Iraq : (Record no. 13114)
[ view plain ]
| 000 -LEADER | |
|---|---|
| fixed length control field | 01384cam a2200337 a 4500 |
| 001 - CONTROL NUMBER | |
| control field | 11883911 |
| 005 - DATE AND TIME OF LATEST TRANSACTION | |
| control field | 20160417142339.0 |
| 008 - FIXED-LENGTH DATA ELEMENTS--GENERAL INFORMATION | |
| fixed length control field | 000107s2000 cau b 000 0 eng |
| 010 ## - LIBRARY OF CONGRESS CONTROL NUMBER | |
| LC control number | 00020586 |
| 020 ## - INTERNATIONAL STANDARD BOOK NUMBER | |
| International Standard Book Number | |
| 020 ## - INTERNATIONAL STANDARD BOOK NUMBER | |
| International Standard Book Number | 0833028138 |
| 040 ## - CATALOGING SOURCE | |
| Original cataloging agency | DLC |
| Transcribing agency | DLC |
| Modifying agency | DLC |
| 043 ## - GEOGRAPHIC AREA CODE | |
| Geographic area code | n-us--- |
| -- | a-iq--- |
| 050 00 - LIBRARY OF CONGRESS CALL NUMBER | |
| Classification number | E183.8.I57 |
| Item number | B9 2000 |
| 082 00 - DEWEY DECIMAL CLASSIFICATION NUMBER | |
| Classification number | 327.730567 |
| Edition number | 22 |
| Item number | BYM |
| 100 1# - MAIN ENTRY--PERSONAL NAME | |
| 9 (RLIN) | 10268 |
| Personal name | Byman, Daniel, |
| Dates associated with a name | 1967- |
| 245 10 - TITLE STATEMENT | |
| Title | Confronting Iraq : |
| Remainder of title | U.S. Policy and the Use of Force since the Gulf War / |
| Statement of responsibility, etc | Daniel L. Byman, Matthew C. Waxman |
| 260 ## - PUBLICATION, DISTRIBUTION, ETC. (IMPRINT) | |
| Place of publication, distribution, etc | Santa Monica, CA : |
| Name of publisher, distributor, etc | RAND, 2000 |
| Date of publication, distribution, etc | 2000. |
| 300 ## - PHYSICAL DESCRIPTION | |
| Extent | 101 p. ; |
| Dimensions | 23 cm. |
| 500 ## - GENERAL NOTE | |
| General note | Donation |
| 504 ## - BIBLIOGRAPHY, ETC. NOTE | |
| Bibliography, etc | Includes bibliographical references p. 93-101 and index |
| 530 ## - ADDITIONAL PHYSICAL FORM AVAILABLE NOTE | |
| Additional physical form available note | Also available in electronic form via the RAND Corporation Web site. |
| 651 #0 - SUBJECT ADDED ENTRY--GEOGRAPHIC NAME | |
| Geographic name | United States |
| General subdivision | Foreign relations |
| Geographic subdivision | Iraq. |
| 9 (RLIN) | 10269 |
| 651 #0 - SUBJECT ADDED ENTRY--GEOGRAPHIC NAME | |
| Geographic name | Iraq |
| General subdivision | Foreign relations |
| Geographic subdivision | United States. |
| 9 (RLIN) | 10270 |
| 651 #0 - SUBJECT ADDED ENTRY--GEOGRAPHIC NAME | |
| Geographic name | United States |
| General subdivision | Foreign relations |
| Chronological subdivision | 1989- |
| 9 (RLIN) | 10271 |
| 651 #0 - SUBJECT ADDED ENTRY--GEOGRAPHIC NAME | |
| Geographic name | United States |
| General subdivision | Military policy. |
| 9 (RLIN) | 10272 |
| 700 1# - ADDED ENTRY--PERSONAL NAME | |
| Personal name | Waxman, Matthew C., |
| Dates associated with a name | 1972- |
| 9 (RLIN) | 10273 |
| 856 41 - ELECTRONIC LOCATION AND ACCESS | |
| Uniform Resource Identifier | <a href="http://www.rand.org/publications/MR/MR1146/">http://www.rand.org/publications/MR/MR1146/</a> |
| 942 ## - ADDED ENTRY ELEMENTS (KOHA) | |
| Source of classification or shelving scheme | Dewey Decimal Classification |
| Item type | Book - Borrowing |
| Withdrawn status | Item status | Source of classification or shelving scheme | Damaged status | Not for loan | Vendor | Home library | Current library | Shelving location | Date acquired | Source of acquisition | Total Checkouts | Total Renewals | Full call number | Barcode | Date last seen | Date last borrowed | Koha item type |
|---|---|---|---|---|---|---|---|---|---|---|---|---|---|---|---|---|---|
| Dewey Decimal Classification | Central Library | Central Library | First floor | 12/01/2010 | Donation | 13 | 22 | 327.730567 BYM | 000019239 | 15/07/2025 | 04/11/2018 | Book - Borrowing |